Simon Bolívar kedysi a dnes v Kolumbii a Venezuele
Život Simona Bolívara a jeho odkaz ako osloboditeľa a spolutvorcu latinskoamerickej štátnosti, ktorý však tvorí jeden z problémov v aktuálnych dvojstranných vzťahoch medzi Kolumbiou a Venezuelou.
Gespeichert in:
| 1. Verfasser: | |
|---|---|
| Format: | Buchkapitel |
| Sprache: | Slowakisch |
| Schlagworte: | |
| Tags: |
Keine Tags, Fügen Sie das erste Tag hinzu!
|
MARC
| LEADER | 00000nla$a2200000$$$4500 | ||
|---|---|---|---|
| 001 | 0136731 | ||
| 005 | 20240523073400.8 | ||
| 041 | 0 | |a slo | |
| 044 | |a SK | ||
| 245 | 1 | 0 | |a Simon Bolívar kedysi a dnes v Kolumbii a Venezuele |c Peter Reťkovský |
| 520 | |a Život Simona Bolívara a jeho odkaz ako osloboditeľa a spolutvorcu latinskoamerickej štátnosti, ktorý však tvorí jeden z problémov v aktuálnych dvojstranných vzťahoch medzi Kolumbiou a Venezuelou. | ||
| 610 | 2 | 0 | |a Latinská Amerika |
| 610 | 2 | 0 | |a história |
| 610 | 2 | 0 | |a vzťahy politické medzinárodné |
| 610 | 2 | 0 | |a Kolumbia |
| 610 | 2 | 0 | |a Venezuela |
| 100 | 1 | |a Reťkovský, Peter | |